[Event "IECG TG.2006.0.15653 email"]
[Site "IECG email"]
[Date "2006.09.06"]
[Round "2"]
[White "Neighbors, Teddy"]
[Black "Campbell, William Henry"]
[Result "1-0"]
[WhiteElo "1783"]
[BlackElo "1840"]
[PlyCount "41"]
[EventDate "2006.09.06"]
[EventType "tourn (corr)"]
[EventRounds "6"]
[SourceTitle "Corr 2011"]
[Source "ChessBase"]
[SourceDate "2010.08.31"]
[SourceVersion "1"]
[SourceVersionDate "2010.08.31"]
[SourceQuality "1"]

1. e4 e5 2. Nf3 Nc6 3. Bb5 Nf6 4. 0-0 Bc5 5. c3 d6 6. d4 exd4 7. cxd4 Bd7 8. dxc5 Ne5 9. Bxd7+ Nexd7 10. cxd6 Nxe4 11. Re1 Ndc5 12. Nc3 f5 13. Qd5 Qxd6 14. Qxf5 Rf8 15. Nxe4 Nxe4 16. Rxe4+ Kd8 17. Bg5+ Rf6 18. Bxf6+ gxf6 19. Rae1 c6 20. Qxh7 Qf8 21. Qxb7 1-0

[Event "IECG WC.2009.P.00020"]
[Site "IECG email"]
[Date "2005.02.28"]
[Round "?"]
[White "Neighbors, Teddy"]
[Black "McCorry, Robert T"]
[Result "1-0"]
[WhiteElo "1694"]
[BlackElo "2184"]
[PlyCount "87"]
[EventDate "2005.02.28"]
[EventType "tourn (corr)"]
[EventRounds "6"]
[SourceTitle "Corr 2008"]
[Source "ChessBase"]
[SourceDate "2008.06.24"]
[SourceVersion "1"]
[SourceVersionDate "2008.06.24"]
[SourceQuality "1"]

1. e4 Nf6 2. Nc3 d5 3. e5 Ne4 4. Nce2 f6 5. d3 Ng5 6. f4 Nf7 7. d4 fxe5 8. fxe5 c5 9. c3 Nc6 10. Nf4 e6 11. Nf3 Qb6 12. g3 cxd4 13. Nxd4 Nxd4 14. cxd4 Qb4+ 15. Kf2 Qb6 16. a4 Bd7 17. a5 Qb4 18. Bh3 Qe7 19. Rf1 0-0-0 20. Be3 Kb8 21. Qb3 Ng5 22. Bg4 Qe8 23. Be2 h5 24. Kg1 h4 25. g4 Ne4 26. Ba6 Bc6 27. Bxb7 Bxb7 28. a6 Rd7 29. Qb5 Re7 30. Qxe8+ Rxe8 31. Ng6 Rg8 32. axb7 Be7 33. Rf3 Bd8 34. Kg2 Ng5 35. Bxg5 Bxg5 36. Rf7 Bd8 37. Kf2 Bb6 38. Ke3 Bd8 39. Kd3 Bg5 40. b4 h3 41. b5 Bd8 42. Rc1 Bg5 43. Rc3 Rd8 44. Ra3 1-0